00442nam a2200169 a 4500008004100000020002200041100001600063245003200079250001200111260005100123300003400174500002000208650001700228003000100245005001700246040000900263  a0582422159 (pbk.) aMcKay, W.B. 0aBuilding construction vol.1 a5th ed. aEssex :bLongman Scientific & Technical,c1970 aviii, 170 p. :bill. ;c? cm. aIncludes index. aConstruction20230123133523.0 cNUST